Clinical biochemistry / (Record no. 44118)

MARC details
001 - CONTROL NUMBER
control field 24145392
003 - CONTROL NUMBER IDENTIFIER
control field 0000
005 - DATE AND TIME OF LATEST TRANSACTION
control field 20260312114954.0
008 - FIXED-LENGTH DATA ELEMENTS--GENERAL INFORMATION
fixed length control field 250408s2025 nyu 000 0 eng
010 ## - LIBRARY OF CONGRESS CONTROL NUMBER
LC control number 2025935991
020 ## - INTERNATIONAL STANDARD BOOK NUMBER
International Standard Book Number 9780198845645
035 ## - SYSTEM CONTROL NUMBER
System control number 24145392
040 ## - CATALOGING SOURCE
Original cataloging agency DLC
Language of cataloging eng
Description conventions rda
Transcribing agency DLC
042 ## - AUTHENTICATION CODE
Authentication code pcc
050 ## - LIBRARY OF CONGRESS CALL NUMBER
Classification number RB 40 .C55
100 1# - MAIN ENTRY--PERSONAL NAME
Personal name Ahmed, Nessar,
Relator term author.
245 10 - TITLE STATEMENT
Title Clinical biochemistry /
Statement of responsibility, etc Nessar Ahmed.
250 ## - EDITION STATEMENT
Edition statement 3rd. ed.
263 ## - PROJECTED PUBLICATION DATE
Projected publication date 2508
264 #1 - PUBLICATION, DISTRIBUTION, ETC. (IMPRINT)
Place of publication, distribution, etc New York :
Name of publisher, distributor, etc Oxford University Press,
Date of publication, distribution, etc 2025.
300 ## - PHYSICAL DESCRIPTION
Extent xx, 718p. ill.
336 ## - CONTENT TYPE
Content type term text
Content type code txt
Source rdacontent
337 ## - MEDIA TYPE
Media type term unmediated
Media type code n
Source rdamedia
338 ## - CARRIER TYPE
Carrier type term volume
Carrier type code nc
Source rdacarrier
490 ## - SERIES STATEMENT
Series statement Fundamentals of Biomedical Science
500 ## - GENERAL NOTE
General note Inlcudes bibliographical references and index
650 ## - SUBJECT ADDED ENTRY--TOPICAL TERM
Source of heading or term Clinical chemistry
Form subdivision Biochemistry
651 ## - SUBJECT ADDED ENTRY--GEOGRAPHIC NAME
Source of heading or term
Form subdivision
906 ## - LOCAL DATA ELEMENT F, LDF (RLIN)
a 0
b ibc
c orignew
d 2
e epcn
f 20
g y-gencatlg
942 ## - ADDED ENTRY ELEMENTS (KOHA)
Source of classification or shelving scheme Library of Congress Classification
Koha item type Books
Holdings
Withdrawn status Lost status Source of classification or shelving scheme Damaged status Not for loan Permanent Location Current Location Date acquired Total Checkouts Full call number Barcode Date last seen Price effective from Koha item type
    Library of Congress Classification     NILE UNIVERSITY OF NIGERIA - MAIN LIBRARY NILE UNIVERSITY OF NIGERIA - MAIN LIBRARY 03/12/2026   RB 40 .C55 2025 0199517 03/12/2026 03/12/2026 Books